| 000 | 00564nam a2200229Ia 4500 | ||
|---|---|---|---|
| 003 | 0100 | ||
| 008 | 130307s9999 xx 000 0 und d | ||
| 020 | _a0380010003 | ||
| 040 | _cARRUPELIB | ||
| 050 | _aBF1078.F72 1965 | ||
| 100 | _aFreud , Sigmond | ||
| 245 | 4 | _aThe Interpretation of dreams | |
| 260 | _aNew york | ||
| 260 | _bAvon Books | ||
| 260 | _c1965 | ||
| 300 | _axxxi | ||
| 300 | _b736p. 20cm. | ||
| 650 | _aPSYCHOLOGY | ||
| 650 | _bPractical theology - Spritual life - History medieval | ||
| 700 | _aStrachey , James (tr.) | ||
| 942 | 0 | 0 | _01 |
| 999 |
_c96080 _d96080 |
||